UK City-County Click (L) Quiz Stats

 Plays Quiz not verified by Sporcle

Score 0/18 Timer 05:00
0 Plays Today
% Correct
Liverpool
97.1%
Leeds
95.3%
Luton
90%
Llandudno
87.6%
Llanelli
86.3%
Loughborough
84.3%
Lyme Regis
82.1%
Lowestoft
80.6%
Looe
78.1%
% Correct
Leyton
77.9%
Lisburn
77.5%
Lewes
75.3%
Livingston
75%
Leatherhead
73.3%
Lichfield
69.2%
Ludlow
68.6%
Leigh
63.1%
Louth
52%

You're not logged in!

Compare scores with friends on all Sporcle quizzes.
OR
Log In

Show Comments

Extras

Top Quizzes Today


Score Distribution

Your Account Isn't Verified!

In order to create a playlist on Sporcle, you need to verify the email address you used during registration. Go to your Sporcle Settings to finish the process.

Report this User

Report this user for behavior that violates our Community Guidelines.

Details: